Statistics for 2022 - Formula 1 Driver Numbers

Click here to take the quiz!

General Stats

  • This quiz has been taken 380 times
  • The average score is 18 of 20

Answer Stats

HintAnswer% Correct
Ricciardo3
99%
Norris4
99%
Hamilton44
98%
Vettel5
98%
Latifi6
98%
Leclerc16
97%
Verstappen33
97%
Perez11
96%
Sainz55
95%
Gasly10
94%
Tsunoda22
93%
Bottas77
93%
Alonso14
91%
Stroll18
91%
Albon23
88%
Russell63
87%
Zhou24
84%
Ocon31
84%
Magnussen20
80%
Schumacher47
79%

Score Distribution

Percentile by Number Answered

Percent of People with Each Score

Your Score History

You have not taken this quiz